| 000 | 00921nmm a2200253 a 4500 | ||
|---|---|---|---|
| 001 | ocm000703526 | ||
| 003 | TR-IsHL | ||
| 005 | 20201028153604.0 | ||
| 008 | 140402s2006 tu tur | ||
| 007 | cr cn | ||
| 035 |
_a703526 _b(N$T) |
||
| 050 | 0 | 4 |
_aHF3756.5 _b.I83 2006 |
| 090 | 0 | 4 |
_aHF3756.5 _b.I83 2006 |
| 245 | 1 | 0 |
_aİş dünyamızın ihtiyaçları ve işgücü arzı karşısında mesleki eğitimimiz: iş dünyasının mesleki eğitime bakışı _h[electronic resource] / _chaz. Ömer Kayır...[ve öte.] |
| 260 |
_aİstanbul : _bİstanbul Ticaret Odası, _c2006 |
||
| 300 | _a184 p. | ||
| 650 | 4 | _aEkonomi ve Finans | |
| 650 | 4 | _aEconomics and Finance | |
| 650 | 0 | _aMesleki eğitim | |
| 650 | 0 | _aVocational education | |
| 650 | 7 |
_aEDUCATION / Vocational _2bisacsh |
|
| 700 | 1 | _aKayır, Ömer | |
| 856 | 4 | 0 | _uhttp://search.ebscohost.com/login.aspx?direct=true&scope=site&db=e011xww&AN=703526 |
| 999 |
_c12126 _d12126 |
||